LEADER 03972oam 22005174a 450 001 9910481007203321 005 20200402171954.0 010 $a1-5261-3032-7 035 $a(CKB)3810000000290549 035 $a(MiAaPQ)EBC5217087 035 $a(OCoLC)1085599478 035 $a(MdBmJHUP)muse72894 035 $a(EXLCZ)993810000000290549 100 $a20181221e20182012 uy 0 101 0 $aeng 135 $aurcnu|||||||| 181 $2rdacontent 182 $2rdamedia 183 $2rdacarrier 200 10$aLiterary culture in Cuba$eRevolution, nation-building and the book /$fPar Kumaraswami and Antoni Kapcia, with Meesha Nehru 210 1$aBaltimore, Maryland :$cProject Muse,$d2018 210 3$aBaltimore, Md. :$cProject MUSE, $d2020 210 4$d©2018 215 $a1 online resource (280 pages) $cillustrations 311 $a0-7190-9995-1 320 $aIncludes bibliographical references (pages [245]-258) and index. 327 $aIntroduction -- Locating literary culture in the trajectory of the revolution -- Understanding literary culture in the Revolution -- 1959-61 : the first flush of revolution -- 1961-89 : the years of radicalisation and consolidation -- 1990s-2000s : the years of crisis and reassessment -- The path to becoming a writer in contemporary Cuba : the role of the Centro de Formacion Literaria Onelio Jorge Cardoso and the movement of talleres literarios / by Meesha Nehru -- The history of a novel : Alberto Ajon Leon's ÅQue Bola? (What's Up?) -- The Feria Internacional del Libro de la Habana -- Conclu 330 $aThis book examines the complex ways in which a literary culture has been created and sustained within the Cuban Revolution. Based on the insights gained from original interviews with over 100 participants and sustained documentary research, it offers new perspectives and challenges long-held orthodoxies regarding the place of literature in the Cuban Revolution. By departing from the conventional focus on individual texts and authors to instead examine the actors, processes and spaces (writing, regulation, publishing, promotion and reading) through which literature has operated inside Cuba since 1959, and thus situates literary culture within the broader revolutionary context of nation-building. It traces the development of literary culture from the first days of the Revolution through to the economic crisis of the 1990s, revealing the debates and tensions but also the continuity of vision which has underlined the production and circulation of literature on the island. Combining historical and theoretical approaches with more detailed case studies, it explores Cuban literary culture through a conceptual framework which identifies the unique and complex patterns of policy and practice within the Revolution and applies them to three particular contemporary phenomena writing workshops, the Havana Book Festival, and the publishing infrastructure which demonstrate the continuing centrality of literary culture within the Cuban Revolution. The book is of interest to students and researchers working within Latin American Studies, those studying Cuba or other revolutionary contexts in Latin America, as well as those working in Cultural Studies, and lay readers with an interest in the Cuban Revolu 606 $aPolitics and culture$zCuba$xHistory$y20th cen 606 $aCuban literature$xHistory and criticism$y20th cen 607 $aCuba$xCultural po 607 $aCuba$xIntellectual life$y20th cen 608 $aElectronic b 608 $aElectronic books. 615 $aPolitics and culture$xHistory 615 $aCuban literature$xHistory and criticism 676 $a972.9106 700 $aKumaraswami$b Par$01030278 702 $aNehru$b Meesha 702 $aKapcia$b Antoni 801 0$bMdBmJHUP 801 1$bMdBmJHUP 906 $aBOOK 912 $a9910481007203321 996 $aLiterary culture in Cuba$92447095 997 $aUNINA LEADER 02652nam0 22005173i 450 001 VAN00233841 005 20250429123626.690 017 70$2N$a9789811534775 100 $a20211104d2020 |0itac50 ba 101 $aeng 102 $aSG 105 $a|||| ||||| 200 1 $aEmerging Trends in Photonics, Signal Processing and Communication Engineering$eProceedings of ICPSPCT 2018$fGovind R. Kadambi, Preetham B. Kumar, Vasile Palade editors 210 $aSingapore$cSpringer$d2020 215 $axiv, 250 p.$cill.$d24 cm 410 1$1001VAN00107673$12001 $aLecture Notes in Electrical Engineering$1210 $aCham$cSpringer$d2007-$v649 500 1$3VAN00233842$aEmerging Trends in Photonics, Signal Processing and Communication Engineering : Proceedings of ICPSPCT 2018$91989920 606 $a00-XX$xGeneral and overarching topics; collections [MSC 2020]$3VANC025238$2MF 606 $a00A79 (77-XX)$xPhysics [MSC 2020]$3VANC023182$2MF 606 $a00B25$xProceedings of conferences of miscellaneous specific interest [MSC 2020]$3VANC020732$2MF 606 $a78A60$xLasers, masers, optical bistability, nonlinear optics [MSC 2020]$3VANC029030$2MF 606 $a94A08$xImage processing (compression, reconstruction, etc.) in information and communication theory [MSC 2020]$3VANC027486$2MF 610 $aAntenna and Microwave$9KW:K 610 $aCircuits and Systems$9KW:K 610 $aCommunication networks$9KW:K 610 $aCommunications$9KW:K 610 $aImage processing$9KW:K 610 $aPhotonics$9KW:K 610 $aSignal processing$9KW:K 610 $aSystem Design$9KW:K 610 $aSystem Engineering$9KW:K 610 $aVLSI$9KW:K 620 $aSG$dSingapore$3VANL000061 702 1$aKadambi$bGovind R.$3VANV193954 702 1$aKumar$bPreetham B.$3VANV193955 702 1$aPalade$bVasile$3VANV091758 712 12$aInternational Conference on Photonics, Communication and Signal Processing Technologies$f2018$eBengaluru, India$3VANV193956 712 $aSpringer $3VANV108073$4650 801 $aIT$bSOL$c20250725$gRICA 856 4 $uhttp://doi.org/10.1007/978-981-15-3477-5$zE-book ? Accesso al full-text attraverso riconoscimento IP di Ateneo, proxy e/o Shibboleth 899 $aBIBLIOTECA DEL DIPARTIMENTO DI MATEMATICA E FISICA$1IT-CE0120$2VAN08 912 $fN 912 $aVAN00233841 950 $aBIBLIOTECA DEL DIPARTIMENTO DI MATEMATICA E FISICA$d08DLOAD e-book 4447 $e08eMF4447 20211104 996 $aEmerging Trends in Photonics, Signal Processing and Communication Engineering$91989920 997 $aUNICAMPANIA